Ładuje się......
Global social movements /
| 1. autor: | |
|---|---|
| Kolejni autorzy: | |
| Format: | Printed Book |
| Wydane: |
London:
Athlone Press,
2000.
|
| LEADER | 00492cam a2200157ua 4500 | ||
|---|---|---|---|
| 020 | |a 0-485-00615-4 | ||
| 082 | |a 303.484 |b GLO | ||
| 100 | |a Cohen, Robin | ||
| 245 | 1 | 0 | |a Global social movements / |
| 260 | |a London: |b Athlone Press, |c 2000. | ||
| 300 | |a x,231p.. | ||
| 500 | |a Includes bibliographies and index. | ||
| 700 | 0 | 2 | |a Rai,Shirin M. |
| 942 | |c BK | ||
| 999 | |c 11207 |d 11207 | ||
| 952 | |0 0 |1 0 |4 0 |6 303_484000000000000_GL |7 0 |9 11693 |a KUCL |b KUCL |d 2014-05-23 |l 0 |o 303.484 GL |p 13080 |r 2014-05-23 |w 2014-05-23 |y BK | ||